Llave de Sol

Kaydedildi:
Detaylı Bibliyografya
Yazar: Jacob Carrasco, Rubén (Yazar)
Materyal Türü: Kitap
Dil:İspanyolca
Baskı/Yayın Bilgisi: Viña del Mar Altazor 1996
Seri Bilgileri:Divergente
Konular:
Etiketler: Etiketle
Etiket eklenmemiş, İlk siz ekleyin!

MARC

LEADER 00000cam a2200000 a 4500
001 UCF2208
003 CL-VaPUC
008 120810e19960000CL |||||||||||||||||spa|d
020 |a 9567472025 
082 0 4 |a 861  |b JAC  |2 21 
100 |a Jacob Carrasco, Rubén  |e author  |9 563800 
245 1 0 |a Llave de Sol 
300 |a 39 p 
942 |c BK 
945 |d 20120810 00:00:00  |a dcastane 
260 |a Viña del Mar  |b Altazor  |c 1996 
650 0 |a Poesías hispanoamericanas  |9 267672 
650 0 |a Poesías chilenas   |9 265280 
583 |a last modification  |c 20120810 11:35:00  |k Rodrigo Vera 
490 0 |a Divergente 
999 |c 348809  |d 348807 
952 |0 0  |1 0  |4 0  |6 861_000000000000000_JAC_1996  |7 0  |8 C  |9 451005  |a BIBCUR  |b BIBCUR  |d 2019-11-22  |i 4892704  |o 861 JAC 1996  |p 4892704  |r 2025-04-22  |w 2019-11-22  |y BK  |k CAC 
952 |0 0  |1 0  |4 0  |6 861_000000000000000_JAC_1996  |7 0  |8 A  |9 451006  |a BIBING  |b BIBING  |d 2019-11-22  |i 4891856  |o 861 JAC 1996  |p 4891856  |r 2025-01-20  |w 2019-11-22  |y BK  |k CUI 
952 |0 0  |1 0  |4 0  |6 861_000000000000000_JAC_1996  |7 0  |8 A  |9 451007  |a BIBEDU  |b BIBEDU  |c ES_NOD  |d 2019-11-22  |i 4892291  |o 861 JAC 1996  |p 4892291  |r 2023-08-09  |w 2019-11-22  |y BK  |k CUE